Fluid mechanics of viscoelasticity (Record no. 544336)

000 -LEADER
fixed length control field 00701cam a2200181 a 4500
020 ## - INTERNATIONAL STANDARD BOOK NUMBER
International Standard Book Number 0444826610 (alk. paper)
082 00 - DEWEY DECIMAL CLASSIFICATION NUMBER
Classification number 532/.05358
Author Mark HUI
-- N-01, P-56
100 1# - MAIN ENTRY--PERSONAL NAME
Personal name Huilgol, R. R.,
9 (RLIN) 37738
245 10 - TITLE STATEMENT
Title Fluid mechanics of viscoelasticity
Remainder of title general principles, constitutive modelling, analytical, and numerical techniques /
Statement of responsibility, etc. R.R. Huilgol and N. Phan-Thien.
260 ## - PUBLICATION, DISTRIBUTION, ETC.
Place of publication, distribution, etc. Amsterdam ;
-- New York :
Name of publisher, distributor, etc. Elsevier,
Date of publication, distribution, etc. 1997.
526 ## - STUDY PROGRAM INFORMATION NOTE
Program name 0
Interest level 0
Reading level 0
Title point value 532_053580000000000_HUI
650 #0 - SUBJECT ADDED ENTRY--TOPICAL TERM
Topical term or geographic name entry element Continuum mechanics.
9 (RLIN) 20066
650 #0 - SUBJECT ADDED ENTRY--TOPICAL TERM
Topical term or geographic name entry element NUST
9 (RLIN) 6342
650 #0 - SUBJECT ADDED ENTRY--TOPICAL TERM
Topical term or geographic name entry element Viscous flow.
9 (RLIN) 37739
700 2# - ADDED ENTRY--PERSONAL NAME
Personal name Phan-Thien, Nhan.
9 (RLIN) 37740
856 40 - ELECTRONIC LOCATION AND ACCESS
Uniform Resource Identifier <a href="http://www.columbia.edu/cgi-bin/cul/resolve?clio10175539">http://www.columbia.edu/cgi-bin/cul/resolve?clio10175539</a>
942 ## - ADDED ENTRY ELEMENTS (KOHA)
Source of classification or shelving scheme
Koha item type Book
Holdings
Withdrawn status Lost status Source of classification or shelving scheme Damaged status Not for loan Permanent Location Current Location Date acquired Total Checkouts Full call number Barcode Date last seen Date last checked out Price effective from Koha item type
          Military College of Engineering (MCE) Military College of Engineering (MCE) 04/17/2014 1 532/.05358 HUI MCE-3165 10/29/2014 10/29/2014 04/17/2014 Book
© 2023 Central Library, National University of Sciences and Technology. All Rights Reserved.